000
00270nam a22001217a 4500
003
SGT
082
_a
658.15,CHA
100
_a
CHANDRA,PRASANNA
245
_a
FINANCIAL MANAGEMENT: THEORY AND PRACTICE
250
_a
9TH
260
_a
NEW DELHI
_b
TMH
_c
2015
942
_2
ddc
_c
CD
999
_c
10885
_d
10885